[Event "Kandidatklassen"]
[Site "Koge"]
[Date "2004.04.08"]
[Round "3"]
[White "Mikkelsen, Nikolaj"]
[Black "Aabling Thomsen, Jakob"]
[Result "0-1"]
[WhiteElo "2211"]
[BlackElo "2074"]
[PlyCount "72"]
[EventDate "2004.04.06"]
[EventType "swiss"]
[EventRounds "7"]
[EventCountry "DEN"]

1. e4 g6 2. d4 Bg7 3. Nc3 c5 4. Nf3 cxd4 5. Nxd4 Nc6 6. Be3 Nf6 7. Nxc6 bxc6 8.
e5 Nd5 9. Nxd5 cxd5 10. Qxd5 Rb8 11. Bxa7 Rxb2 12. Bd4 Rxc2 13. Bd3 Rc6 14. O-O
Ba6 15. Bxa6 Rxa6 16. a4 O-O 17. a5 Qa8 18. Qxd7 Rd8 19. Qa4 Rd5 20. Bb6 Bxe5
21. Ra3 Bd4 22. Bxd4 Raxa5 23. Rfa1 Rxa4 24. Rxa4 Qe8 25. g3 f6 26. Be3 Qd7 27.
Ra8+ Kf7 28. h4 Qh3 29. R8a7 h6 30. Re1 g5 31. Ra4 Qe6 32. Kh2 Re5 33. Ra3 gxh4
34. gxh4 Re4 35. Kg2 Rxh4 36. Bd2 Qd5+ 0-1

[Event "Kandidatklassen"]
[Site "Koge"]
[Date "2004.04.08"]
[Round "3"]
[White "Pedersen, Jan Nordenbaek"]
[Black "Willumsen, Niels Henrik"]
[Result "1-0"]
[WhiteElo "2219"]
[BlackElo "2138"]
[PlyCount "57"]
[EventDate "2004.04.06"]
[EventType "swiss"]
[EventRounds "7"]
[EventCountry "DEN"]

1. e4 e6 2. d4 d5 3. Nc3 Bb4 4. Bd3 dxe4 5. Bxe4 Nf6 6. Bg5 c5 7. dxc5 Qc7 8.
Bxf6 gxf6 9. Qd4 Qxc5 10. Qxf6 Rg8 11. Nge2 Nd7 12. Qh4 Qe5 13. O-O-O Be7 14.
Qh3 Nf6 15. f4 Qc5 16. Qf3 Bd7 17. Rd3 Nxe4 18. Qxe4 Bc6 19. Qxh7 Rxg2 20. Rhd1
Bf6 21. Ne4 Bxe4 22. Qxe4 Rc8 23. Rg3 Rxh2 24. c3 Qc6 25. Rg8+ Ke7 26. Qb4+ Qc5
27. Qxb7+ Rc7 28. Qb8 Rxe2 29. Re8# 1-0

[Event "Kandidatklassen"]
[Site "Koge"]
[Date "2004.04.08"]
[Round "3"]
[White "Glud, Jakob Vang"]
[Black "Pedersen, Christian Kyndel"]
[Result "1-0"]
[WhiteElo "2221"]
[BlackElo "2343"]
[PlyCount "163"]
[EventDate "2004.04.06"]
[EventType "swiss"]
[EventRounds "7"]
[EventCountry "DEN"]

1. d4 Nf6 2. Nc3 d5 3. Bg5 c6 4. e3 Qb6 5. Rb1 Bf5 6. Bd3 Bxd3 7. Qxd3 Nbd7 8.
Nf3 e6 9. O-O h6 10. Bh4 Bb4 11. a3 Bxc3 12. bxc3 Qc7 13. Bg3 Qc8 14. c4 O-O
15. cxd5 cxd5 16. Rfc1 Nb6 17. Nd2 Qc6 18. Bh4 Nfd7 19. e4 Rfc8 20. c3 Qa4 21.
Be7 Rc7 22. Bd6 Rc6 23. e5 Rac8 24. f4 f5 25. h3 Qa6 26. Qf3 Nf8 27. g4 Ng6 28.
Rc2 Nd7 29. Qg3 Ndf8 30. Kf2 Qa4 31. Rb3 Rb6 32. Rcb2 Rxb3 33. Rxb3 Qd7 34. h4
fxg4 35. Qxg4 Ne7 36. Bxe7 Qxe7 37. h5 Rc7 38. Kg3 Qf7 39. Nf1 Qe8 40. Ne3 Qa4
41. Qd1 Qa5 42. Qd3 Qa4 43. Qd1 b6 44. f5 exf5 45. Nxd5 f4+ 46. Kf2 Rf7 47. Rb1
Qd7 48. Qf3 Qf5 49. Rg1 Kh8 50. Qg4 Qc2+ 51. Qe2 Qf5 52. Qg4 Qc2+ 53. Qe2 Qb3
54. e6 f3 55. Qe4 Nxe6 56. Qxe6 Qc2+ 57. Kg3 f2 58. Rf1 Rf8 59. Ne3 Qe2 60. Qe4
a5 61. Kg2 b5 62. d5 Qd2 63. Nf5 Qg5+ 64. Ng3 Qd2 65. Qd4 Qxd4 66. cxd4 Rf4 67.
Rb1 f1=Q+ 68. Nxf1 Rg4+ 69. Kf3 Rxd4 70. Rxb5 Ra4 71. Ne3 Kg8 72. d6 Kf7 73.
Re5 Rd4 74. Nd5 Rd3+ 75. Ke4 Rb3 76. d7 Rb8 77. Kf5 Rd8 78. Re7+ Kf8 79. Ke6
Rb8 80. Rf7+ Kg8 81. Ne7+ Kh7 82. Nc6 1-0

[Event "Kandidatklassen"]
[Site "Koge"]
[Date "2004.04.08"]
[Round "3"]
[White "Andreasen, Per Naesby"]
[Black "Lund, Silas"]
[Result "1/2-1/2"]
[WhiteElo "2266"]
[BlackElo "2305"]
[PlyCount "92"]
[EventDate "2004.04.06"]
[EventType "swiss"]
[EventRounds "7"]
[EventCountry "DEN"]

1. g3 d5 2. Bg2 Nf6 3. Nf3 e6 4. O-O Be7 5. d4 O-O 6. c4 c6 7. Qc2 Ne4 8. Nbd2
f5 9. Ne5 Nd7 10. Ndf3 Ndf6 11. Nd3 Bd7 12. Nfe5 Be8 13. Nf4 Qc8 14. c5 Nd7 15.
Ned3 Bf7 16. f3 Nef6 17. Nh3 h6 18. Bf4 g5 19. Be5 Bg6 20. e3 Bh7 21. Bxf6 Bxf6
22. f4 Rf7 23. Nhf2 Rg7 24. Ne5 h5 25. Nfd3 h4 26. Kf2 Qe8 27. Bf3 Bg6 28. Rg1
Rd8 29. Qd1 hxg3+ 30. hxg3 Rh7 31. Rh1 Nxe5 32. dxe5 Rxh1 33. Qxh1 Be7 34. b4
d4 35. e4 Kg7 36. Rd1 Qf7 37. exf5 Qxf5 38. Ke2 Rh8 39. Qg1 Rd8 40. Rd2 a6 41.
a4 Qf8 42. a5 Qf7 43. Qg2 Qf5 44. Qg1 Qf7 45. Qg2 Qf5 46. Qg1 Qf7 1/2-1/2

[Event "Kandidatklassen"]
[Site "Koge"]
[Date "2004.04.09"]
[Round "4"]
[White "Damm, Kasper Wilken"]
[Black "Glud, Jakob Vang"]
[Result "1-0"]
[WhiteElo "2216"]
[BlackElo "2221"]
[PlyCount "115"]
[EventDate "2004.04.06"]
[EventType "swiss"]
[EventRounds "7"]
[EventCountry "DEN"]

1. e4 c5 2. Nf3 e6 3. d4 cxd4 4. Nxd4 a6 5. c4 Nf6 6. Nc3 Bb4 7. Bd3 Nc6 8.
Nxc6 dxc6 9. O-O e5 10. Bg5 O-O 11. Qb3 Be7 12. Rad1 Nd7 13. Bxe7 Qxe7 14. Bb1
Re8 15. Ne2 Nc5 16. Qg3 Be6 17. b3 f6 18. f4 Bf7 19. f5 Bh5 20. Kf2 a5 21. Qe3
Red8 22. h3 Bxe2 23. Kxe2 Na6 24. Qb6 Qc7 25. Qxc7 Nxc7 26. g4 Kf7 27. h4 h6
28. Rg1 g5 29. hxg5 hxg5 30. a3 c5 31. Ba2 Kg7 32. Rxd8 Rxd8 33. Rd1 Rd4 34.
Bb1 Na6 35. Bd3 Nb8 36. Ke3 Nc6 37. Be2 Kg8 38. Rd2 a4 39. Rb2 Na5 40. bxa4
Rxc4 41. Rxb7 Rxa4 42. Rc7 Rxa3+ 43. Kf2 Rc3 44. Rc8+ Kf7 45. Rc7+ Ke8 46. Bb5+
Kd8 47. Rd7+ Kc8 48. Rf7 Rb3 49. Ba6+ Kd8 50. Rxf6 c4 51. Re6 c3 52. f6 Rb8 53.
f7 Kd7 54. Re8 c2 55. f8=Q c1=Q 56. Re7+ Kc6 57. Qf6+ Kc5 58. Rc7+ 1-0

[Event "Kandidatklassen"]
[Site "Koge"]
[Date "2004.04.09"]
[Round "4"]
[White "Pedersen, Christian Kyndel"]
[Black "Skjoldan, Benjamin"]
[Result "1-0"]
[WhiteElo "2343"]
[BlackElo "2025"]
[PlyCount "61"]
[EventDate "2004.04.06"]
[EventType "swiss"]
[EventRounds "7"]
[EventCountry "DEN"]

1. Nf3 g6 2. c4 Bg7 3. d4 Nf6 4. Nc3 O-O 5. e4 d6 6. Be2 e5 7. O-O Nbd7 8. Be3
Qe7 9. Qc2 c6 10. d5 cxd5 11. cxd5 b6 12. Nd2 Bb7 13. Rfc1 Rfc8 14. a4 a5 15.
Nc4 Ra6 16. Nb5 Ne8 17. Bg4 f5 18. exf5 Bxd5 19. Qd3 Ndf6 20. Nxb6 Rxc1+ 21.
Rxc1 Be4 22. Qb3+ Kh8 23. Be2 Bxf5 24. Nxd6 Rxb6 25. Nf7+ Kg8 26. Nh6+ Kh8 27.
Qxb6 Be6 28. Bc4 Nd5 29. Bxd5 Bxd5 30. Rc8 Qd7 31. Qd8 1-0

[Event "Kandidatklassen"]
[Site "Koge"]
[Date "2004.04.09"]
[Round "4"]
[White "Nielsen, Nicholas Roland"]
[Black "Mikkelsen, Nikolaj"]
[Result "1-0"]
[WhiteElo "2134"]
[BlackElo "2211"]
[PlyCount "103"]
[EventDate "2004.04.06"]
[EventType "swiss"]
[EventRounds "7"]
[EventCountry "DEN"]

1. e4 c5 2. Nf3 d6 3. d4 cxd4 4. Nxd4 Nf6 5. Nc3 a6 6. f4 e5 7. Nf3 Nbd7 8. a4
b6 9. Bd3 Bb7 10. O-O Qc7 11. Qe1 Be7 12. Kh1 O-O 13. Nh4 d5 14. Nf5 Rfe8 15.
exd5 Nxd5 16. Qg3 g6 17. fxe5 Bf8 18. Nd6 Nxc3 19. Nxe8 Rxe8 20. bxc3 Qc6 21.
Bf4 Bg7 22. Rae1 Nc5 23. Qf2 Kh8 24. Be3 Nxd3 25. cxd3 Rxe5 26. Bd4 Rxe1 27.
Rxe1 Bxd4 28. Qxd4+ Kg8 29. Re2 b5 30. axb5 axb5 31. h3 h5 32. Qe5 Kh7 33. Qe7
Qd5 34. Rf2 Kg7 35. c4 bxc4 36. dxc4 Qe6 37. Qxe6 fxe6 38. c5 Bc6 39. Kg1 h4
40. Kf1 g5 41. Ke2 Kg6 42. Kd3 e5 43. Kc4 g4 44. Kb4 e4 45. Kc4 g3 46. Re2 Kf5
47. Kd4 Kf4 48. Re3 Kf5 49. Rc3 Kf4 50. Rc4 Kf5 51. Ke3 Ke5 52. Rd4 1-0

[Event "Kandidatklassen"]
[Site "Koge"]
[Date "2004.04.09"]
[Round "4"]
[White "Lund, Silas"]
[Black "Pedersen, Jan Nordenbaek"]
[Result "1-0"]
[WhiteElo "2305"]
[BlackElo "2219"]
[PlyCount "152"]
[EventDate "2004.04.06"]
[EventType "swiss"]
[EventRounds "7"]
[EventCountry "DEN"]

1. d4 Nf6 2. c4 e6 3. Nf3 Bb4+ 4. Nbd2 d5 5. g3 O-O 6. Bg2 b6 7. O-O Be7 8. Qc2
Bb7 9. Rd1 Nbd7 10. b3 Rc8 11. cxd5 exd5 12. Bb2 Re8 13. Rac1 Bd6 14. e3 Qe7
15. Nh4 g6 16. Nc4 Ne4 17. Nxd6 Nxd6 18. Nf3 f6 19. Ne1 Qf7 20. Nd3 a5 21. Re1
Ba6 22. Nf4 Bb7 23. Qd1 Nb8 24. Bh3 Rcd8 25. Rc2 Na6 26. Nd3 Bc8 27. Bg2 Bf5
28. Rce2 c6 29. f3 h5 30. h3 Bxd3 31. Qxd3 Nb4 32. Qb1 Nf5 33. a3 Na6 34. g4
hxg4 35. hxg4 Nh4 36. Rc1 Qc7 37. Qd3 Qg3 38. Rf1 Nc7 39. Bc3 Qd6 40. Be1 g5
41. Bxh4 gxh4 42. Qg6+ Kf8 43. f4 Re7 44. Qh6+ Kg8 45. Qxh4 Nb5 46. Bf3 Rh7 47.
Qe1 Nxa3 48. Rg2 Rdd7 49. Qc1 Rh3 50. Rh2 Rxh2 51. Kxh2 Rh7+ 52. Kg3 Nb5 53.
Qc2 Kg7 54. Rc1 Na7 55. Qf5 Nb5 56. Qc2 Na7 57. Qf5 Nb5 58. Be2 Nc7 59. Bd3 Rh6
60. Rc2 Ne6 61. Rh2 Nf8 62. Rxh6 Kxh6 63. Qh5+ Kg7 64. g5 fxg5 65. Qxg5+ Kf7
66. Be2 Nh7 67. Bh5+ Kf8 68. Qe5 Qxe5 69. dxe5 b5 70. Bg6 c5 71. Bxh7 a4 72.
bxa4 bxa4 73. Kf3 a3 74. Bb1 Ke7 75. f5 Kf8 76. Ke2 Kf7 1-0

[Event "Kandidatklassen"]
[Site "Koge"]
[Date "2004.04.09"]
[Round "4"]
[White "Christensen, Bo Garner"]
[Black "Andreasen, Per Naesby"]
[Result "0-1"]
[WhiteElo "2297"]
[BlackElo "2266"]
[PlyCount "73"]
[EventDate "2004.04.06"]
[EventType "swiss"]
[EventRounds "7"]
[EventCountry "DEN"]

1. e4 g6 2. d4 Bg7 3. c4 d6 4. Nc3 e5 5. Nf3 Bg4 6. d5 a5 7. h3 Bd7 8. g4 Na6
9. Bd3 Nf6 10. Be3 O-O 11. Nd2 c6 12. Qe2 Qc7 13. f3 Nc5 14. h4 cxd5 15. cxd5
Rfc8 16. Bb5 a4 17. Bxd7 Nfxd7 18. a3 Nb3 19. Nxb3 axb3 20. h5 Qc4 21. hxg6
hxg6 22. Qh2 Qd3 23. Bh6 Rxc3 24. bxc3 b2 25. Qxb2 Bxh6 26. Kf2 Qd2+ 27. Qxd2
Bxd2 28. c4 Ra4 29. Ke2 Bc3 30. Ra2 Nc5 31. g5 Ba5 32. f4 Rxc4 33. Kd1 Rd4+ 34.
Kc1 Nd3+ 35. Kb1 Nxf4 36. Rah2 Nh5 37. Re2 0-1

[Event "Kandidatklassen"]
[Site "Koge"]
[Date "2004.04.09"]
[Round "4"]
[White "Leimand, Peter Martin"]
[Black "Strange, Mikkel"]
[Result "0-1"]
[WhiteElo "2074"]
[BlackElo "2241"]
[PlyCount "106"]
[EventDate "2004.04.06"]
[EventType "swiss"]
[EventRounds "7"]
[EventCountry "DEN"]

1. e4 e5 2. Nc3 Nf6 3. Nf3 Nc6 4. d4 exd4 5. Nxd4 Bb4 6. Nxc6 bxc6 7. Bd3 d5 8.
exd5 Qe7+ 9. Qe2 Qxe2+ 10. Bxe2 cxd5 11. a3 Ba5 12. Bb5+ Bd7 13. Bxd7+ Kxd7 14.
O-O Bxc3 15. bxc3 Rhe8 16. Be3 Ng4 17. Bd4 f6 18. Rfe1 a6 19. f4 h5 20. h3 Nh6
21. Kf2 Re4 22. Rxe4 dxe4 23. Rg1 h4 24. g4 hxg3+ 25. Kxg3 Ke6 26. Kg2 Nf5 27.
Re1 Kd5 28. Bf2 Re8 29. Rd1+ Kc4 30. Rd7 Re7 31. Rxe7 Nxe7 32. Be1 Nd5 33. Bd2
e3 34. Be1 Nxf4+ 35. Kf3 Nxh3 36. Kxe3 Ng5 37. Kf4 g6 38. Ke3 Ne6 39. Kd2 Nc5
40. Ke3 c6 41. Kf4 Na4 42. Kg4 Nxc3 43. Kf4 Ne2+ 44. Kg4 Nd4 45. Bh4 f5+ 46.
Kg3 Nxc2 47. Be7 Nd4 48. Kf4 Kd5 49. Kg5 c5 50. Kxg6 c4 51. Bb4 Ke4 52. Bd2 f4
53. Kh5 f3 0-1

[Event "Kandidatklassen"]
[Site "Koge"]
[Date "2004.04.09"]
[Round "4"]
[White "Willumsen, Niels Henrik"]
[Black "Smedemark, Henrik"]
[Result "0-1"]
[WhiteElo "2138"]
[BlackElo "2081"]
[PlyCount "62"]
[EventDate "2004.04.06"]
[EventType "swiss"]
[EventRounds "7"]
[EventCountry "DEN"]

1. e4 d6 2. d4 Nf6 3. Nc3 c6 4. Nf3 Bg4 5. Be2 e6 6. Be3 d5 7. exd5 cxd5 8. Ne5
Bxe2 9. Qxe2 Nc6 10. Qb5 Qc7 11. Bf4 Bd6 12. Qa4 Bxe5 13. Bxe5 Qd7 14. Qa3 Nxe5
15. dxe5 Ng4 16. Qb4 Nxe5 17. Nb5 a5 18. Nd6+ Ke7 19. Nf5+ Kf6 20. Qh4+ g5 21.
Qh6+ Kxf5 22. f4 gxf4 23. h4 Rag8 24. O-O f3 25. Rae1 Rxg2+ 26. Kh1 Rh2+ 27.
Kg1 Rg8+ 28. Kxh2 Ng4+ 29. Kh3 Nxh6 30. Rxf3+ Kg6 31. Rg3+ Kf6 0-1

[Event "Kandidatklassen"]
[Site "Koge"]
[Date "2004.04.09"]
[Round "4"]
[White "Rud, Morten Topholm"]
[Black "Korolev, Nikolaj"]
[Result "1-0"]
[WhiteElo "2190"]
[BlackElo "2031"]
[PlyCount "81"]
[EventDate "2004.04.06"]
[EventType "swiss"]
[EventRounds "7"]
[EventCountry "DEN"]

1. e4 c5 2. Nc3 Nc6 3. g3 g6 4. Bg2 Bg7 5. d3 d6 6. Nh3 e6 7. O-O Nge7 8. Bg5
h6 9. Bd2 O-O 10. Rb1 Rb8 11. Kh1 b5 12. a3 a5 13. a4 Nd4 14. axb5 Nxb5 15. Na4
Nd4 16. b3 Ba6 17. e5 Bxe5 18. Bxh6 Re8 19. g4 Bb7 20. Bxb7 Rxb7 21. c3 Ndc6
22. Qf3 Nd5 23. b4 axb4 24. c4 Nd4 25. Qg2 Ra7 26. cxd5 Rxa4 27. f4 Bh8 28. f5
Qa8 29. fxe6 fxe6 30. Nf4 Bg7 31. Bxg7 Kxg7 32. Qe4 Ra7 33. Qxg6+ Kh8 34. Rfe1
Rf8 35. Re3 Rh7 36. Qg5 Rg7 37. Rh3+ Kg8 38. Qh6 e5 39. Rf1 exf4 40. Qh8+ Kf7
41. Rxf4+ 1-0

[Event "Kandidatklassen"]
[Site "Koge"]
[Date "2004.04.10"]
[Round "5"]
[White "Strange, Mikkel"]
[Black "Mikkelsen, Nikolaj"]
[Result "1-0"]
[WhiteElo "2241"]
[BlackElo "2211"]
[PlyCount "81"]
[EventDate "2004.04.06"]
[EventType "swiss"]
[EventRounds "7"]
[EventCountry "DEN"]

1. e4 c5 2. Nf3 d6 3. Bb5+ Bd7 4. Bxd7+ Qxd7 5. c4 Qg4 6. O-O Qxe4 7. d4 cxd4
8. Nxd4 Nf6 9. Nc3 Qg4 10. Qb3 Qd7 11. Bg5 Nc6 12. Rad1 e6 13. Bxf6 gxf6 14.
Ne4 Nxd4 15. Rxd4 Be7 16. Rxd6 Qc7 17. Qb5+ Kf8 18. Rd7 a6 19. Qxb7 Qxb7 20.
Rxb7 f5 21. Nc3 Rd8 22. Rd1 Rxd1+ 23. Nxd1 Bf6 24. Kf1 Kg7 25. Ke2 Rc8 26. b3
Rc5 27. f4 Kg6 28. Nf2 Bd4 29. Nd3 Ra5 30. a4 f6 31. Nb4 Bc3 32. Nc6 Rc5 33.
Ne7+ Kh5 34. Kd3 Ba5 35. b4 Rc7 36. Rxc7 Bxc7 37. b5 axb5 38. cxb5 Kg4 39. Nc8
e5 40. b6 e4+ 41. Ke2 1-0

[Event "Kandidatklassen"]
[Site "Koge"]
[Date "2004.04.10"]
[Round "5"]
[White "Willumsen, Niels Henrik"]
[Black "Rud, Morten Topholm"]
[Result "1-0"]
[WhiteElo "2138"]
[BlackElo "2190"]
[PlyCount "67"]
[EventDate "2004.04.06"]
[EventType "swiss"]
[EventRounds "7"]
[EventCountry "DEN"]

1. e4 e6 2. d4 d5 3. Nc3 Nf6 4. e5 Nfd7 5. f4 c5 6. Nf3 Nc6 7. Be3 cxd4 8. Nxd4
Qb6 9. Qd2 Qxb2 10. Rb1 Qa3 11. Bb5 Nxd4 12. Bxd4 Bb4 13. O-O O-O 14. Rf3 f5
15. exf6 Nxf6 16. Qf2 Bxc3 17. Rxc3 Qa5 18. Bd3 h6 19. Qg3 b5 20. Be5 Rf7 21.
Rxb5 Qd8 22. Rcb3 Nd7 23. Qg6 Nxe5 24. fxe5 Qc7 25. Qh7+ Kf8 26. Rb1 a6 27.
R5b3 Qxe5 28. Bg6 Qd4+ 29. Kh1 Rf2 30. Qh8+ Ke7 31. Qe8+ Kf6 32. Qf7+ Ke5 33.
Qxg7+ Rf6 34. Qc7# 1-0

[Event "Kandidatklassen"]
[Site "Koge"]
[Date "2004.04.10"]
[Round "5"]
[White "Korolev, Nikolaj"]
[Black "Leimand, Peter Martin"]
[Result "1-0"]
[WhiteElo "2031"]
[BlackElo "2074"]
[PlyCount "119"]
[EventDate "2004.04.06"]
[EventType "swiss"]
[EventRounds "7"]
[EventCountry "DEN"]

1. e4 e6 2. d4 d5 3. Nc3 Bb4 4. e5 c5 5. a3 Bxc3+ 6. bxc3 Ne7 7. Qg4 O-O 8. Bd3
f5 9. exf6 Rxf6 10. Qh5 g6 11. Qh6 Qf8 12. Qxf8+ Rxf8 13. f4 b6 14. a4 Ba6 15.
Bxa6 Nxa6 16. Ne2 Nf5 17. g4 Nd6 18. Ng3 Rac8 19. Kd1 Nc7 20. Re1 Kf7 21. Kd2
Nce8 22. h3 Nf6 23. Ba3 h5 24. f5 exf5 25. gxf5 gxf5 26. Rf1 Nfe4+ 27. Nxe4
Nxe4+ 28. Kd3 Kf6 29. Rf3 Rg8 30. Raf1 Rg3 31. Rxg3 Nxg3 32. Rf3 Ne4 33. Bb2
c4+ 34. Ke3 Re8 35. Kf4 Ng5 36. Re3 Nxh3+ 37. Rxh3 Re4+ 38. Kf3 Re1 39. Rxh5
Rb1 40. Ba3 Ra1 41. Bd6 Rxa4 42. Kf4 Ra1 43. Be5+ Ke7 44. Rh7+ Ke6 45. Rh6+ Kf7
46. Kxf5 Rf1+ 47. Bf4 Rf2 48. Rh2 Rf3 49. Rh7+ Kg8 50. Rxa7 Rxc3 51. Ra2 Rf3
52. Ke5 b5 53. Bc1 Rf1 54. Ba3 c3 55. Bb4 Rb1 56. Bxc3 b4 57. Rb2 Rh1 58. Bxb4
Rh5+ 59. Kd6 Kf7 60. c3 1-0

[Event "Kandidatklassen"]
[Site "Koge"]
[Date "2004.04.10"]
[Round "5"]
[White "Lund, Silas"]
[Black "Damm, Kasper Wilken"]
[Result "0-1"]
[WhiteElo "2305"]
[BlackElo "2216"]
[PlyCount "156"]
[EventDate "2004.04.06"]
[EventType "swiss"]
[EventRounds "7"]
[EventCountry "DEN"]

1. d4 g6 2. e4 Bg7 3. c4 c5 4. d5 d6 5. Nc3 Nf6 6. Be2 O-O 7. Bg5 h6 8. Bf4 e6
9. dxe6 Bxe6 10. Bxd6 Re8 11. Nf3 Nc6 12. O-O Nd4 13. e5 Nd7 14. Re1 Nxe2+ 15.
Qxe2 Bg4 16. Rad1 Qa5 17. Rd5 Rac8 18. Nb5 a6 19. b4 Qd8 20. Nc3 cxb4 21. Bxb4
Qc7 22. Rxd7 Qxd7 23. Nd5 Qa4 24. Ne7+ Kh7 25. a3 Rc7 26. Nd5 Rc6 27. Ng5+ hxg5
28. Qxg4 Qb3 29. Qd7 Rxe5 30. Rxe5 Bxe5 31. Qxf7+ Bg7 32. h4 Qb1+ 33. Kh2 Qf5
34. Qxb7 Rxc4 35. Bc3 Rxc3 36. Nxc3 Qe5+ 37. g3 Qxc3 38. Qxa6 gxh4 39. gxh4 Qf3
40. Qa7 Qf4+ 41. Kh3 Kh8 42. Qe3 Qf5+ 43. Kg3 Kh7 44. Qe7 Qd3+ 45. Kg2 Qd5+ 46.
Kg3 Qh1 47. Qe3 Qg1+ 48. Kh3 Qh1+ 49. Kg3 Bf6 50. Qa7+ Kg8 51. Qb8+ Kf7 52.
Qc7+ Be7 53. Qf4+ Kg8 54. Qc4+ Kg7 55. Qd4+ Kh7 56. a4 Qe1 57. Kg2 Qe6 58. Kg3
Qf5 59. Kg2 Bc5 60. Qd2 Qg4+ 61. Kf1 Qxa4 62. Qg5 Qd4 63. Qg3 Be7 64. Qc7 Qxh4
65. Kg2 Kh6 66. f3 Qg5+ 67. Kh3 Bc5 68. Qb8 Qf6 69. Kg2 Bd6 70. Qc8 Bf4 71.
Qh3+ Kg7 72. Qd7+ Qf7 73. Qd4+ Kh7 74. Qd8 Qa2+ 75. Kf1 Qb1+ 76. Ke2 Qc2+ 77.
Kf1 Qc1+ 78. Kg2 Qd2+ 0-1

[Event "Kandidatklassen"]
[Site "Koge"]
[Date "2004.04.10"]
[Round "5"]
[White "Nielsen, Nicholas Roland"]
[Black "Pedersen, Christian Kyndel"]
[Result "0-1"]
[WhiteElo "2134"]
[BlackElo "2343"]
[PlyCount "62"]
[EventDate "2004.04.06"]
[EventType "swiss"]
[EventRounds "7"]
[EventCountry "DEN"]

1. e4 c6 2. d4 d5 3. e5 Bf5 4. Nc3 e6 5. g4 Bg6 6. Nge2 Ne7 7. h4 h5 8. Ng3
hxg4 9. h5 Bf5 10. Be2 Nd7 11. Bxg4 Bxg4 12. Qxg4 c5 13. Be3 cxd4 14. Bxd4 Nc6
15. O-O-O Ndxe5 16. Qe2 Qg5+ 17. Kb1 O-O-O 18. h6 Nxd4 19. Rxd4 Rxh6 20. Rhd1
Nc6 21. Ra4 Rh4 22. Qb5 Rxa4 23. Qxa4 Qe7 24. a3 g6 25. Nb5 Qc5 26. Ne2 Bg7 27.
Rd3 a6 28. Nbd4 Bxd4 29. Nxd4 Qc4 30. Qxc4 dxc4 31. Nxc6 cxd3 0-1

[Event "Kandidatklassen"]
[Site "Koge"]
[Date "2004.04.10"]
[Round "5"]
[White "Glud, Jakob Vang"]
[Black "Christensen, Bo Garner"]
[Result "1-0"]
[WhiteElo "2221"]
[BlackElo "2297"]
[PlyCount "172"]
[EventDate "2004.04.06"]
[EventType "swiss"]
[EventRounds "7"]
[EventCountry "DEN"]

1. d4 Nf6 2. Nc3 d5 3. Bg5 h6 4. Bxf6 exf6 5. e3 c6 6. Bd3 Bb4 7. Nge2 O-O 8.
O-O f5 9. a3 Bd6 10. Nf4 Qg5 11. Qf3 g6 12. b4 Be6 13. Na4 Re8 14. Rfe1 Qf6 15.
Nc5 b6 16. Ncxe6 fxe6 17. b5 g5 18. Nh5 Qf7 19. h3 a6 20. bxc6 b5 21. a4 b4 22.
g4 Nxc6 23. gxf5 e5 24. Qxd5 Qxd5 25. Nf6+ Kg7 26. Nxd5 exd4 27. Kg2 dxe3 28.
fxe3 Ne5 29. Nb6 Ra7 30. Nc4 Nxc4 31. Bxc4 Rc7 32. Bd3 Be5 33. Rab1 a5 34. Kf3
Kf6 35. Red1 h5 36. Rg1 Rc3 37. Rb3 Rec8 38. Rgb1 R3c7 39. Rd1 Rg7 40. Rg1 Rh8
41. Be4 g4+ 42. hxg4 hxg4+ 43. Kf2 Rh2+ 44. Rg2 g3+ 45. Kf3 Rh1 46. Rd3 Ra1 47.
Rd8 Rxa4 48. Re8 Re7 49. Rg8 Ra1 50. Rg6+ Kf7 51. Bd5+ Ke8 52. Be6 Kd8 53. Ke4
Bc3 54. R6xg3 a4 55. Rg8+ Re8 56. Rxe8+ Kxe8 57. Rg8+ Ke7 58. Ra8 a3 59. Bc4
Rh1 60. Ra7+ Kd6 61. Ra6+ Kc5 62. Bb3 Rf1 63. Ba4 b3 64. Bxb3 Bb2 65. Ra8 Bc1
66. Ra5+ Kb4 67. Ra4+ Kc3 68. Ke5 Bxe3 69. Rxa3 Bc5 70. Ra4 Be7 71. Re4 Bg5 72.
Bc4 Rf2 73. Bd3 Bd8 74. Ke6 Rf3 75. Rc4+ Kb2 76. Rd4 Bg5 77. Rg4 Bd8 78. Rg6
Re3+ 79. Kf7 Ba5 80. Re6 Rf3 81. f6 Bc3 82. Ke7 Kc1 83. f7 Kd2 84. Ke8 Bb4 85.
Re7 Bxe7 86. Kxe7 Ke3 1-0

[Event "Kandidatklassen"]
[Site "Koge"]
[Date "2004.04.10"]
[Round "5"]
[White "Pedersen, Jan Nordenbaek"]
[Black "Smedemark, Henrik"]
[Result "1-0"]
[WhiteElo "2219"]
[BlackElo "2081"]
[PlyCount "61"]
[EventDate "2004.04.06"]
[EventType "swiss"]
[EventRounds "7"]
[EventCountry "DEN"]

1. e4 d6 2. d4 Nf6 3. Nc3 c6 4. f3 Nbd7 5. Be3 e5 6. Nge2 g6 7. Qd2 Bg7 8.
O-O-O O-O 9. Bh6 b5 10. g4 Qa5 11. Bxg7 Kxg7 12. h4 h5 13. Ng3 Rh8 14. Qg5 b4
15. gxh5 Nf8 16. hxg6 fxg6 17. dxe5 Qxe5 18. f4 Qe7 19. e5 dxe5 20. fxe5 bxc3
21. exf6+ Qxf6 22. Qxf6+ Kxf6 23. Ne4+ Kg7 24. Nxc3 Bg4 25. Rd4 Bf3 26. Rh3 Bh5
27. Re3 Kh6 28. Rd6 Rc8 29. Ne4 Nh7 30. Ng3 Rhd8 31. Nf5# 1-0

[Event "Kandidatklassen"]
[Site "Koge"]
[Date "2004.04.10"]
[Round "5"]
[White "Aabling Thomsen, Jakob"]
[Black "Skjoldan, Benjamin"]
[Result "1-0"]
[WhiteElo "2074"]
[BlackElo "2025"]
[PlyCount "61"]
[EventDate "2004.04.06"]
[EventType "swiss"]
[EventRounds "7"]
[EventCountry "DEN"]

1. e4 c5 2. Nf3 e6 3. d4 cxd4 4. Nxd4 a6 5. Bd3 Bc5 6. Nb3 Be7 7. Nc3 Qc7 8.
Be3 d6 9. g4 b6 10. Qe2 Bb7 11. Rg1 Nd7 12. O-O-O Nc5 13. f4 Bf6 14. e5 dxe5
15. Nxc5 bxc5 16. g5 Be7 17. f5 c4 18. Bxc4 exf5 19. Nd5 Qc6 20. Nb6 Rb8 21.
Bb3 Qe4 22. Qd2 Rd8 23. Qc3 g6 24. Qc7 Rxd1+ 25. Rxd1 Qxe3+ 26. Kb1 Kf8 27. Qc4
Qxb3 28. Qxb3 Kg7 29. Rd7 Bc6 30. Rc7 Bh1 31. Nc8 1-0

[Event "Kandidatklassen"]
[Site "Koge"]
[Date "2004.04.11"]
[Round "6"]
[White "Smedemark, Henrik"]
[Black "Leimand, Peter Martin"]
[Result "0-1"]
[WhiteElo "2081"]
[BlackElo "2074"]
[PlyCount "56"]
[EventDate "2004.04.06"]
[EventType "swiss"]
[EventRounds "7"]
[EventCountry "DEN"]

1. d4 d5 2. Nf3 Nf6 3. e3 e6 4. Bd3 c5 5. c3 c4 6. Bc2 b5 7. O-O Bb7 8. Nbd2
Nbd7 9. Qe2 Be7 10. e4 dxe4 11. Nxe4 Rc8 12. Re1 O-O 13. Bg5 Nxe4 14. Bxe7 Nxc3
15. Bxh7+ Kh8 16. bxc3 Qxe7 17. Bc2 Nb6 18. Ne5 Qg5 19. f4 Qh6 20. Qf2 Nd5 21.
Ng4 Qh5 22. h3 f5 23. Re5 Nxc3 24. Rae1 b4 25. Qg3 Bd5 26. Rxe6 Bxe6 27. Rxe6
Rce8 28. Bxf5 Rxe6 0-1

[Event "Kandidatklassen"]
[Site "Koge"]
[Date "2004.04.11"]
[Round "6"]
[White "Damm, Kasper Wilken"]
[Black "Pedersen, Christian Kyndel"]
[Result "0-1"]
[WhiteElo "2216"]
[BlackElo "2343"]
[PlyCount "78"]
[EventDate "2004.04.06"]
[EventType "swiss"]
[EventRounds "7"]
[EventCountry "DEN"]

1. e4 c6 2. d4 d5 3. exd5 cxd5 4. c4 Nf6 5. Nc3 e6 6. Nf3 Be7 7. Bd3 dxc4 8.
Bxc4 Nc6 9. O-O O-O 10. a3 a6 11. Ba2 b5 12. Bg5 Bb7 13. Bb1 Rc8 14. Qd3 g6 15.
b4 Nb8 16. Ra2 Nbd7 17. Re1 Bxf3 18. Qxf3 Nb6 19. h4 Nbd5 20. Ne2 Re8 21. Rc2
Rxc2 22. Bxc2 a5 23. bxa5 Qxa5 24. Rb1 Rb8 25. a4 Rc8 26. Qb3 b4 27. Ra1 Nc3
28. Ng3 Kg7 29. Bd3 Nfd5 30. Bxe7 Nxe7 31. h5 Nc6 32. Qc4 Qd5 33. Qa6 Rc7 34.
Ne2 Nxe2+ 35. Bxe2 Nxd4 36. hxg6 hxg6 37. Rd1 b3 38. Kf1 b2 39. Qb6 Rb7 0-1

[Event "Kandidatklassen"]
[Site "Koge"]
[Date "2004.04.11"]
[Round "6"]
[White "Hansen, Lars"]
[Black "Glud, Jakob Vang"]
[Result "1/2-1/2"]
[WhiteElo "2267"]
[BlackElo "2221"]
[PlyCount "38"]
[EventDate "2004.04.06"]
[EventType "swiss"]
[EventRounds "7"]
[EventCountry "DEN"]

1. e4 Nc6 2. d3 e5 3. Nf3 Nf6 4. Be2 Bc5 5. c3 d6 6. O-O Bb6 7. Nbd2 O-O 8. Nc4
Ne7 9. Bg5 Ng6 10. Nh4 Nf4 11. Bxf4 exf4 12. Nxb6 axb6 13. Nf3 Ng4 14. h3 Ne5
15. d4 Nxf3+ 16. Bxf3 Ra5 17. Bg4 f5 18. exf5 Bxf5 19. Bxf5 Raxf5 1/2-1/2